00341nam a2200133Ia 4500008004100000041000800041082001200049100002100061245004100082260003600123300003100159365001100190440000600201240624s9999 xx 000 0 und d aeng a420 MCB aMCBRIDE EDWARD J aDOWNTOWN ENGLISH FOR WORK AND LIFE 3 c2006aAustraliabThomson/Heinle axix, : 222 : p. : cm. ; 28 cRSb10 v2